Regulations for Army of U.S., 1901, with appendix, separately indexed, showing changes to Dec. 31, 1902.

Bibliographic Details
Corporate Author: United States. War Department
Format: Government Document eBook
Language:English
Published: Washington, DC : Government Printing Office, 1902.
Series:War Dept. Doc. No. 198
Subjects:
Online Access:Connect to the full text of this electronic document

MARC

Tag First Indicator Second Indicator Subfields
LEADER 00000cam a22000001a 4500
001 in00003617413
005 20190408152827.0
006 m o d f
007 cr bn mmmapmmp
008 980101s1902 dcu o f001 0 eng d
035 |a ebd1909200217 
040 |a UMI  |c UMI  |d UtOrBLW 
086 0 |a W 1.6:901/[rev.2] 
099 |a W106-18.3 
245 0 0 |a Regulations for Army of U.S., 1901, with appendix, separately indexed, showing changes to Dec. 31, 1902. 
264 1 |a Washington, DC :  |b Government Printing Office,  |c 1902. 
300 |a 1 online resource (vii, 478 pages) 
336 |a text  |b txt  |2 rdacontent 
337 |a computer  |b c  |2 rdamedia 
338 |a online resource  |b cr  |2 rdacarrier 
490 0 |a War Dept. Doc. No. 198 
500 |a Includes index. 
500 |a Record is based on bibliographic data in ProQuest U.S. Executive Branch Documents, 1789-1909. Reuse except for individual research requires license from ProQuest, LLC. 
533 |a Electronic reproduction.  |b [Bethesda, Md.] :  |c ProQuest,  |d 2012.  |e digital, PDF file.  |n ProQuest U.S. Executive Branch Documents, 1789-1909.  |n Mode of access: World Wide Web via ProQuest website. 
538 |a System requirements: PDF reader software. 
500 |a Electronic resource. 
610 1 0 |a United States.  |b Army  |v Regulations.  |0 http://id.loc.gov/authorities/subjects/sh85140702 
650 0 |a Military law  |z United States.  |0 http://id.loc.gov/authorities/subjects/sh85085229 
655 7 |a Electronic books.  |2 local 
710 1 |a United States.  |b War Department.  |0 http://id.loc.gov/authorities/names/n79084108 
776 1 8 |i Microfiche version:  |t Regulations for Army of U.S., 1901, with appendix, separately indexed, showing changes to Dec. 31, 1902  |o CIS US Exec MF W106-18.3  |w (ProQuest)cis19020084 
856 4 0 |u http://proxy.library.tamu.edu/login?url=http://congressional.proquest.com/congressional/docview/t66.d71.w106-18.3  |z Connect to the full text of this electronic document  |t 0 
998 |a cis19020084 
999 f f |s f2833bbf-11dd-3539-a699-d7f974b4f2ca  |i 535afc78-8649-3e09-a8c9-c8521d6e3654  |t 0 
952 f f |a Texas A&M University  |b College Station  |c Electronic Resources  |d Available Online  |t 0  |h No information provided 
998 f f |t 0  |l Available Online